Statistiques concernant Pharmacogenetique

Cliquez ici pour prendre le quiz!

Statistiques générales

  • Ce quiz a été pris 34 fois
  • Le résultat moyen est 2 sur 11

Statistiques - réponses

HintRéponse% Correct
VKORCAnti vitamine K
58%
HLAB 5701abacavir
38%
2D6Codéine
Tramadol
29%
DPD5-FU
21%
TPMTazathioprine
6-mercaptopurine
6-thioguanine
21%
2C19Clopidogrel
21%
HLAB 1502
HLAB3101
carbamazepine
13%
3A4
3A5
Tacrolimus
8%
2C9Warfarinne
8%
UGT1A1irinotecan
4%
2C19Voriconazole
4%

Distribution des résultats

Percentile par nombre de réponses

% des personnes avec chaque résultat

Votre développement - résultats

Vous n’avez pas pris ce quiz